Louis I. Kahn's Jewish architecture : Mikveh Israel and the midcentury American synagogue (Record no. 9453)

000 -LEADER
fixed length control field 00433nam a22001457a 4500
003 - CONTROL NUMBER IDENTIFIER
control field OSt
005 - DATE AND TIME OF LATEST TRANSACTION
control field 20210623111747.0
008 - FIXED-LENGTH DATA ELEMENTS--GENERAL INFORMATION
fixed length control field 210623b ||||| |||| 00| 0 eng d
020 ## - INTERNATIONAL STANDARD BOOK NUMBER
International Standard Book Number 9781584657880
082 ## - DEWEY DECIMAL CLASSIFICATION NUMBER
Classification number 726.30974811
100 ## - MAIN ENTRY--PERSONAL NAME
Personal name Solomon, Susan G.
245 ## - TITLE STATEMENT
Title Louis I. Kahn's Jewish architecture : Mikveh Israel and the midcentury American synagogue
260 ## - PUBLICATION, DISTRIBUTION, ETC. (IMPRINT)
Place of publication, distribution, etc Landon
Name of publisher, distributor, etc university press of new england
Date of publication, distribution, etc 2009
942 ## - ADDED ENTRY ELEMENTS (KOHA)
Source of classification or shelving scheme
Holdings
Withdrawn status Lost status Source of classification or shelving scheme Damaged status Koha normalized classification for sorting Not for loan Permanent location Current location Date acquired Full call number Barcode Date last seen Price effective from Koha item type
        726_309748110000000   BMS College of Architecture, Design and Planning BMS College of Architecture, Design and Planning 2021-06-23 726.30974811 AR-UG2214 2021-06-23 2021-06-23 UG Books
Copyright © 2025, The Librarian, Library and Information Centre, BMSCA D&P, Bengaluru. All Rights Reserved
web counter

Powered by Koha